Дело о смерти канцеляриста Сергея Петрова

Доступно только в Электронных читальных залах Найти на картеНа карте
RUSMARC
00003938nmc2a22000003x 450
0014afdb251-cfef-4177-8e21-a2ff305f9dab
00520181217184939.0
100##$a20170519l18391839k l0rusy0189 ca
1010#$arus
102##$aRU
2001#$aДело о смерти канцеляриста Сергея Петрова
$j17 апреля 1839 г.
251##$cДело
300##$aДело
300##$aОриг. заголовок дела: Дело о службе состоявшего при конторе Дирекции, умершего канцеляриста Сергея Петрова. 17 апреля 1839 г
801#0$aRU
$bРГИА
$c20170519
$gRCR
801#1$aRU
$bГлавНИВЦ
$c20170519
$2rusmarc
801#2$aRU
$bПБ им. Б.Н. Ельцина
$c20181217
$gRCR
$2rusmarc
850##$aРГИА
852##$aРГИА
$eФедеральное казенное учреждение "Российский государственный исторический архив" (РГИА)
$j8170
937##$hРГИА
$d12241589
$aASBIBLIO_SCAN
462#0$1001dd3991dc-24e1-42ec-8838-ca4255420416
$12001
$a1746-1850 гг.
$1251
$cОпись
$1852
$j1
461#0$10019264ebf8-de62-4f1a-9eb4-9f22098dbbd5
$12001
$aДирекция императорских театров МИДв
$1251
$cФонд
$1852
$j497
215##$a3 л.
$d36,5х26 см
371##$aДокумент не является опубликованным и широко распространяемым
105##$ay###
1220#$ad
5171#$aДело о службе состоявшего при конторе Дирекции, умершего канцеляриста Сергея Петрова. 17 апреля 1839 г
035##$a4afdb251-cfef-4177-8e21-a2ff305f9dab
856##$uhttp://readingroom.main.prlib.ru/item.aspx?id_node=n121872198&mode=full
Формат отображения